Hopi katcinas drawn by native artists, (Record no. 510)

MARC details
000 -LEADER
fixed length control field 00573cam a2200205u 4500
005 - DATE AND TIME OF LATEST TRANSACTION
control field 20260322212023.0
008 - FIXED-LENGTH DATA ELEMENTS--GENERAL INFORMATION
fixed length control field data
010 ## - LIBRARY OF CONGRESS CONTROL NUMBER
LC control number 16005544
040 ## - CATALOGING SOURCE
Original cataloging agency DLC
Transcribing agency CarP
Modifying agency DLC
050 00 - LIBRARY OF CONGRESS CALL NUMBER
Classification number E99.H7
Item number F327
050 00 - LIBRARY OF CONGRESS CALL NUMBER
Classification number E51
Item number .U55 21st
092 ## - LOCALLY ASSIGNED DEWEY CALL NUMBER (OCLC)
Classification number 970.62 U55 1962
001 - CONTROL NUMBER
control field data
100 1# - MAIN ENTRY--PERSONAL NAME
Personal name Fewkes, Jesse Walter,
Dates associated with a name 1850-1930.
245 10 - TITLE STATEMENT
Title Hopi katcinas drawn by native artists,
Statement of responsibility, etc. Jesse Walter Fewkes.
260 ## - PUBLICATION, DISTRIBUTION, ETC.
Place of publication, distribution, etc. Chicago, Ill.. :
Date of publication, distribution, etc. 1982, 1903
Name of publisher, distributor, etc. Rio Grande Press,
300 ## - PHYSICAL DESCRIPTION
Extent 190 p. : col. ill., map ;
Other physical details 29 cm.
Dimensions 30 cm.
650 #0 - SUBJECT ADDED ENTRY--TOPICAL TERM
Topical term or geographic name entry element Kachinas.
650 #0 - SUBJECT ADDED ENTRY--TOPICAL TERM
Topical term or geographic name entry element Hopi mythology.
Holdings
Withdrawn status Lost status Damaged status Not for loan Home library Current library Shelving location Date acquired Total checkouts Full call number Barcode Date last seen Price effective from Koha item type
        Midway Midway General stacks 22/03/2026   E99.H7 F327 BC0010522 22/03/2026 22/03/2026 Books